Design of structural elements : (Record no. 546732)
[ view plain ]
| 000 -LEADER | |
|---|---|
| fixed length control field | 00678pam a2200181 a 4500 |
| 020 ## - INTERNATIONAL STANDARD BOOK NUMBER | |
| International Standard Book Number | 0419176209 (alk. paper) |
| 082 00 - DEWEY DECIMAL CLASSIFICATION NUMBER | |
| Classification number | 624.1771 |
| Author Mark | ARY |
| -- | L-NUST, P-05 |
| 100 1# - MAIN ENTRY--PERSONAL NAME | |
| Personal name | Arya, C. |
| 9 (RLIN) | 42929 |
| 245 10 - TITLE STATEMENT | |
| Title | Design of structural elements : |
| Remainder of title | concrete, steelwork, masonry, and timber design to British standards and Eurocodes / |
| Statement of responsibility, etc. | Chanakya Arya. |
| 250 ## - EDITION STATEMENT | |
| Edition statement | 1st ed. |
| 260 ## - PUBLICATION, DISTRIBUTION, ETC. | |
| Place of publication, distribution, etc. | London ; |
| -- | New York : |
| Name of publisher, distributor, etc. | E & FN Spon, |
| Date of publication, distribution, etc. | 1994. |
| 300 ## - PHYSICAL DESCRIPTION | |
| Extent | xvi, 360 p. : |
| Other physical details | ill. ; |
| Dimensions | 25 cm. |
| 526 ## - STUDY PROGRAM INFORMATION NOTE | |
| Program name | 0 |
| Interest level | 0 |
| Reading level | 0 |
| Title point value | 624_177100000000000_ARY |
| 650 #0 - SUBJECT ADDED ENTRY--TOPICAL TERM | |
| Topical term or geographic name entry element | MCE |
| 9 (RLIN) | 379 |
| 650 #0 - SUBJECT ADDED ENTRY--TOPICAL TERM | |
| Topical term or geographic name entry element | Structural design |
| General subdivision | Standards |
| Geographic subdivision | Europe. |
| 9 (RLIN) | 42930 |
| 650 #0 - SUBJECT ADDED ENTRY--TOPICAL TERM | |
| Topical term or geographic name entry element | Structural design |
| General subdivision | Standards |
| Geographic subdivision | Great Britain. |
| 9 (RLIN) | 42931 |
| 942 ## - ADDED ENTRY ELEMENTS (KOHA) | |
| Source of classification or shelving scheme | |
| Koha item type | Book |
| Withdrawn status | Lost status | Source of classification or shelving scheme | Damaged status | Not for loan | Permanent Location | Current Location | Date acquired | Total Checkouts | Full call number | Barcode | Date last seen | Date last checked out | Price effective from | Koha item type |
|---|---|---|---|---|---|---|---|---|---|---|---|---|---|---|
| Military College of Engineering (MCE) | Military College of Engineering (MCE) | 06/18/2014 | 1 | 624.1771 ARY | MCE-43843 | 06/02/2016 | 02/17/2016 | 06/18/2014 | Book |
